| 000 | 00477nam a2200193Ia 4500 | ||
|---|---|---|---|
| 008 | 170918s9999 xx 000 0 und d | ||
| 020 | _a590442457 | ||
| 050 | _bB879 1956 | ||
| 100 | _aBrown, Margaret Wise | ||
| 245 | _aBig red barn / | ||
| 245 | _cMargaret Wise Brown ; pictures by Felicia Bond. | ||
| 260 | _aNew York : | ||
| 260 | _bScholastic, | ||
| 260 | _c1956 | ||
| 300 | _aunpaged : | ||
| 300 | _bcolored illustration ; | ||
| 300 | _c24cm. | ||
| 500 | _a640 | ||
| 999 |
_c341770 _d341770 |
||